International Review of cell and molecular. Volume 337 (Record no. 64287)

MARC details
000 -LEADER
fixed length control field 01374nam a2200205 a 4500
008 - FIXED-LENGTH DATA ELEMENTS--GENERAL INFORMATION
fixed length control field 211021s2018 ||||||||||||||||| || u
020 ## - INTERNATIONAL STANDARD BOOK NUMBER
International Standard Book Number 9780128151952
050 ## - LIBRARY OF CONGRESS CALL NUMBER
Classification number QH 581.2 5 Int
100 ## - MAIN ENTRY--PERSONAL NAME
Personal name Galluzzi, Lorenzo
245 10 - TITLE STATEMENT
Title International Review of cell and molecular. Volume 337
Statement of responsibility, etc. Edited by Lorenzo Galluzzi
260 ## - PUBLICATION, DISTRIBUTION, ETC.
Place of publication, distribution, etc. United Kingdom
Name of publisher, distributor, etc. Academic Press
Date of publication, distribution, etc. 2018
300 ## - PHYSICAL DESCRIPTION
Extent x,211 pages: illustration
650 #0 - SUBJECT ADDED ENTRY--TOPICAL TERM
Topical term or geographic name entry element CYTOLOGY
650 #0 - SUBJECT ADDED ENTRY--TOPICAL TERM
Topical term or geographic name entry element MOLECULAR BIOLOGY
995 ## -
-- MAIN LIBRARY OPEN ACCESS
-- 751173
-- CBU-MAIN LIBRARY (Kitwe)
-- 33.18
-- QH 581.2 5 Int
-- 1
-- AVAILABLE
-- Oct 21, 2021
-- 751173
-- Main Library Open Access Collection
995 ## -
-- MEDICAL LIBRARY OPEN ACCESS
-- 905261
-- CBU-SCHOOL OF MEDICINE LIBRARY (Ndola)
-- 239.00
-- QH 581.2 5 Int
-- 3
-- AVAILABLE
-- Jan 13, 2022
-- 905261
-- Medical Library Open Access Collection
995 ## -
-- MEDICAL LIBRARY OPEN ACCESS
-- 905262
-- CBU-SCHOOL OF MEDICINE LIBRARY (Ndola)
-- 239.00
-- QH 581.2 5 Int
-- 4
-- AVAILABLE
-- Jan 13, 2022
-- 905262
-- Medical Library Open Access Collection
995 ## -
-- MEDICAL LIBRARY OPEN ACCESS
-- 905263
-- CBU-SCHOOL OF MEDICINE LIBRARY (Ndola)
-- 239.00
-- QH 581.2 5 Int
-- 5
-- AVAILABLE
-- Jan 13, 2022
-- 905263
-- Medical Library Open Access Collection
995 ## -
-- MAIN LIBRARY OPEN ACCESS
-- 751174
-- CBU-MAIN LIBRARY (Kitwe)
-- 33.18
-- QH 581.2 5 Int
-- 2
-- AVAILABLE
-- Oct 21, 2021
-- 751174
-- Main Library Open Access Collection
999 ## -
-- 64287
-- 64287
Holdings
Withdrawn status Lost status Source of classification or shelving scheme Damaged status Not for loan Permanent Location Current Location Shelving location Date acquired Total Checkouts Full call number Barcode Date last seen Copy number Price effective from Koha item type
          CBU-MAIN LIBRARY, KITWE. CBU-MAIN LIBRARY, KITWE.   02/10/2023   QH 581.2 5 Int 751173 02/10/2023 1 02/10/2023 MONOGRAPH
          CBU-SCHOOL OF MEDICINE LIBRARY, NDOLA. CBU-SCHOOL OF MEDICINE LIBRARY, NDOLA.   02/10/2023   QH 581.2 5 Int 905261 02/10/2023 2 02/10/2023 MONOGRAPH